Responses for Show #4143 - Wednesday, September 11, 2002

Contestants

[<< previous game]

Lorraine Cruz, a substitute teacher from Temecula, California

Larry Goldberg, a lawyer from Springfield, Massachusetts

George Schroeder, a packaging consultant from Appleton, Wisconsin (whose 1-day cash winnings total $15,600)

[next game >>]

Jeopardy! Round responses

FOOD IN HISTORY
THE TELEGRAM
MOST-LIVABLE COUNTRIES
(Alex: According to the U.N. Human Development Index.)
CLASSIC ADS & SLOGANS
E.T. 20th ANNIVERSARY
(Alex: The movie.)
LETTER PERFECT
(Alex: Need a letter as the response.)
    $200 1
Buffalo/bison

Larry
    $200 6
(Larry: What is a wire?)

Cable

GeorgeLarry
    $200 11
Canada

George
    $200 26
Crest

Lorraine
    $200 16
Steven Spielberg

Lorraine
    $200 21
G (g-force)

Larry
    $400 2
Rice

Lorraine
    $400 7
(George: What is AT&T?)
(Larry: What is U.S. Telephone & Telegraph?)

Western Union

GeorgeLarryLorraine
    $400 12
Iceland

Larry
    $400 27
Alka-Seltzer

Lorraine
    $400 17
Reese's Pieces

Lorraine
    $400 22
H

Larry
    $600 3
Honey

George
    $600 8
(Larry: What is A?)

E

GeorgeLarry
    $600 13
Norway

George
    $600 28
Certs

Lorraine
    $600 18
Drew Barrymore

Larry
    $600 23
W

Larry
    $800 4
Potatoes

George
    $800 9
Singing telegrams

Lorraine
    $1,000 14
Australia or New Zealand

George
    $800 29
Ball Park Franks

Lorraine
    $800 19
Walkie-talkies

Lorraine
    $800 24
F (franc)

Larry
    $1000 5
Rations

Larry
    $1000 10
TASS

Larry
    $1000 15
(Larry: What is Holland?)

Belgium

LarryLorraine
    $1000 30
(Alex: You & I have been watching too much television, too much television, Lorraine!)

Motel 6

Lorraine
    $1000 20
John Williams

Lorraine
    $1000 25
J (jump shot)

Lorraine

Scores at the first commercial break (after clue 14):

George Larry Lorraine
$3,600 $1,400 $1,600

Scores at the end of the Jeopardy! Round:

George Larry Lorraine
$3,600 $3,000 $9,000

Double Jeopardy! Round responses

ROLL OVER, BEETHOVEN
TUTTI FRUITY
HOUND DOG
BOOK OF LOVE
"U" SEND ME
ROCK & ROLL IS HERE TO STAY
    $400 6
Vienna

Lorraine
    $400 11
Pineapple

George
    $400 16
Greyhound

George
    $400 26
"The Bridges of Madison County"

George
    $400 1
Uncle Sam

Larry
    $400 21
"Born to Run"

George
    $800 7
"Eroica" ("Heroic")

Lorraine
    $800 12
Honeydew

George
    $800 17
Bay

Lorraine
    $800 27
"Pride and Prejudice"

Triple Stumper
    $800 2
Ukraine

Lorraine
    $800 22
"American Pie"

George
    $1200 8
51 seconds

Lorraine
    $1200 13
Plantain

Lorraine
    $1200 18
Coonhounds

Triple Stumper
    $1200 28
(George: What is Where Stella Got Her Groove Back?)
...
(Alex: I already told you where: Jamaica.)

How Stella Got Her Groove Back

GeorgeLorraine
    $1200 3
Uncas

George
    $1200 23
"Sukiyaki"

Larry
    $1600 9
5th Symphony

Larry
    $1600 14
Bartlett

Larry
    $200 19
Borzois

Lorraine
    $1600 29
Danielle Steel

Lorraine
    $1600 4
Urdu

Lorraine
    $1600 24
Rick James

George
    $2000 10
Fidelio

Lorraine
    $2000 15
(Lorraine: What are melons?)

Grapes

Lorraine
Triple Stumper
    $2000 20
Elkhound

Larry
    $2000 30
"The Princess Bride"

Lorraine
    $400 5
Undulate & ungulate

Lorraine
    $2000 25
the Ramones

Triple Stumper

Scores at the end of the Double Jeopardy! Round:

George Larry Lorraine
$8,400 $9,800 $21,200
(lock game)

[wagering suggestions for these scores]

Final Jeopardy! Round responses

BASEBALL
(Alex: Uh-oh... how do you think Lorraine's going to bet on this one?)
(Alex: The first title was way back in 1914.)
GeorgeWhat are the Athletics?
$8,400
LarryWhat are the Braves?
$7,001
LorraineWhat is the Minnesota Twins?
$1,200
the Braves (Boston, Milwaukee & Atlanta)

Final scores:

George Larry Lorraine
$0 $16,801 $20,000
3rd place: $1,000 2nd place: $2,000 New champion: $20,000

Game dynamics:

Coryat scores:

George Larry Lorraine
$8,200 $9,800 $24,200
15 R
(including 1 DD),
2 W
14 R,
4 W
27 R
(including 2 DDs),
1 W

Combined Coryat: $42,200

[game clues] [game scores] [suggest correction]

Game tape date: 2002-06-11
The J! Archive is created by fans, for fans. Scraping, republication, monetization, and malicious use prohibited; this site may use cookies and collect identifying information. See terms. The Jeopardy! game show and all elements thereof, including but not limited to copyright and trademark thereto, are the property of Jeopardy Productions, Inc. and are protected under law. This website is not affiliated with, sponsored by, or operated by Jeopardy Productions, Inc. Join the discussion at JBoard.tv.